<?xml version="1.0" encoding="UTF-8"?>
<collection xmlns="http://www.loc.gov/MARC21/slim">
 <record>
  <leader>01865nam a22002657a 4500</leader>
  <controlfield tag="001">NCT_73547</controlfield>
  <controlfield tag="008">200211b        xxu||||| |||| 00| 0 vie d</controlfield>
  <datafield tag="999" ind1=" " ind2=" ">
   <subfield code="c">3581</subfield>
   <subfield code="d">3581</subfield>
  </datafield>
  <datafield tag="020" ind1=" " ind2=" ">
   <subfield code="c">70000</subfield>
  </datafield>
  <datafield tag="082" ind1="0" ind2="4">
   <subfield code="2">23rd ed.</subfield>
   <subfield code="a">332.12076</subfield>
   <subfield code="b">S108</subfield>
  </datafield>
  <datafield tag="100" ind1="1" ind2=" ">
   <subfield code="a">Trần Thế Sao</subfield>
  </datafield>
  <datafield tag="245" ind1="1" ind2="0">
   <subfield code="a">Hệ thống bài tập và 360 câu hỏi trắc nghiệm nghiệp vụ ngân hàng thương mại</subfield>
   <subfield code="c">Trần Thế Sao, Phan Ngọc Thùy Như</subfield>
  </datafield>
  <datafield tag="260" ind1=" " ind2=" ">
   <subfield code="a">Tp Hồ Chí Minh</subfield>
   <subfield code="b">[S.n]</subfield>
   <subfield code="c">[201?]</subfield>
  </datafield>
  <datafield tag="300" ind1=" " ind2=" ">
   <subfield code="a">191 tr.</subfield>
   <subfield code="c">24cm</subfield>
  </datafield>
  <datafield tag="500" ind1=" " ind2=" ">
   <subfield code="a">ĐTTS ghi: Trường đại học Mở TP Hồ Chí Minh. Khoa tài chính - Ngân hàng</subfield>
  </datafield>
  <datafield tag="520" ind1="3" ind2=" ">
   <subfield code="a">Sách bao gồm các bài tập về ba mảng hoạt động chính của ngân hàng thương mại, đó là huy động vốn, cấp tín dụng và cung ứng dịch vụ ngân hàng.</subfield>
  </datafield>
  <datafield tag="653" ind1=" " ind2=" ">
   <subfield code="a">Tài chính - Ngân hàng</subfield>
  </datafield>
  <datafield tag="700" ind1="1" ind2=" ">
   <subfield code="a">Phan Ngọc Thùy Như</subfield>
  </datafield>
  <datafield tag="942" ind1=" " ind2=" ">
   <subfield code="2">ddc</subfield>
   <subfield code="c">BK</subfield>
  </datafield>
  <datafield tag="952" ind1=" " ind2=" ">
   <subfield code="0">0</subfield>
   <subfield code="1">0</subfield>
   <subfield code="2">ddc</subfield>
   <subfield code="4">0</subfield>
   <subfield code="6">332_120760000000000_S108</subfield>
   <subfield code="7">0</subfield>
   <subfield code="9">18558</subfield>
   <subfield code="a">000001</subfield>
   <subfield code="b">000001</subfield>
   <subfield code="d">2020-02-11</subfield>
   <subfield code="o">332.12076 S108</subfield>
   <subfield code="p">MD.16637</subfield>
   <subfield code="r">2020-02-11</subfield>
   <subfield code="v">70000.00</subfield>
   <subfield code="w">2020-02-11</subfield>
   <subfield code="y">BK</subfield>
  </datafield>
  <datafield tag="952" ind1=" " ind2=" ">
   <subfield code="0">0</subfield>
   <subfield code="1">0</subfield>
   <subfield code="2">ddc</subfield>
   <subfield code="4">0</subfield>
   <subfield code="6">332_120760000000000_S108</subfield>
   <subfield code="7">0</subfield>
   <subfield code="9">18559</subfield>
   <subfield code="a">000001</subfield>
   <subfield code="b">000001</subfield>
   <subfield code="d">2020-02-11</subfield>
   <subfield code="l">1</subfield>
   <subfield code="o">332.12076 S108</subfield>
   <subfield code="p">MD.16638</subfield>
   <subfield code="r">2020-09-30</subfield>
   <subfield code="s">2020-09-11</subfield>
   <subfield code="v">70000.00</subfield>
   <subfield code="w">2020-02-11</subfield>
   <subfield code="y">BK</subfield>
  </datafield>
  <datafield tag="952" ind1=" " ind2=" ">
   <subfield code="0">0</subfield>
   <subfield code="1">0</subfield>
   <subfield code="2">ddc</subfield>
   <subfield code="4">0</subfield>
   <subfield code="6">332_120760000000000_S108</subfield>
   <subfield code="7">0</subfield>
   <subfield code="9">18560</subfield>
   <subfield code="a">000001</subfield>
   <subfield code="b">000001</subfield>
   <subfield code="d">2020-02-11</subfield>
   <subfield code="o">332.12076 S108</subfield>
   <subfield code="p">MD.16639</subfield>
   <subfield code="r">2020-02-11</subfield>
   <subfield code="v">70000.00</subfield>
   <subfield code="w">2020-02-11</subfield>
   <subfield code="y">BK</subfield>
  </datafield>
  <datafield tag="952" ind1=" " ind2=" ">
   <subfield code="0">0</subfield>
   <subfield code="1">0</subfield>
   <subfield code="2">ddc</subfield>
   <subfield code="4">0</subfield>
   <subfield code="6">332_120760000000000_S108</subfield>
   <subfield code="7">0</subfield>
   <subfield code="9">18561</subfield>
   <subfield code="a">000001</subfield>
   <subfield code="b">000001</subfield>
   <subfield code="d">2020-02-11</subfield>
   <subfield code="l">1</subfield>
   <subfield code="o">332.12076 S108</subfield>
   <subfield code="p">MD.16640</subfield>
   <subfield code="r">2020-09-25</subfield>
   <subfield code="s">2020-09-11</subfield>
   <subfield code="v">70000.00</subfield>
   <subfield code="w">2020-02-11</subfield>
   <subfield code="y">BK</subfield>
  </datafield>
  <datafield tag="952" ind1=" " ind2=" ">
   <subfield code="0">0</subfield>
   <subfield code="1">0</subfield>
   <subfield code="2">ddc</subfield>
   <subfield code="4">0</subfield>
   <subfield code="6">332_120760000000000_S108</subfield>
   <subfield code="7">0</subfield>
   <subfield code="9">18562</subfield>
   <subfield code="a">000001</subfield>
   <subfield code="b">000001</subfield>
   <subfield code="d">2020-02-11</subfield>
   <subfield code="l">1</subfield>
   <subfield code="m">1</subfield>
   <subfield code="o">332.12076 S108</subfield>
   <subfield code="p">MD.16641</subfield>
   <subfield code="r">2020-11-18</subfield>
   <subfield code="s">2020-10-21</subfield>
   <subfield code="v">70000.00</subfield>
   <subfield code="w">2020-02-11</subfield>
   <subfield code="y">BK</subfield>
  </datafield>
  <datafield tag="980" ind1=" " ind2=" ">
   <subfield code="a">Thư viện Trường Đại học Nam Cần Thơ</subfield>
  </datafield>
 </record>
</collection>
